| 000 | 00793cab a2200229 4500 | ||
|---|---|---|---|
| 001 | WB2907-61 | ||
| 008 | 090401t1993 xxu||||| |||| 00| 0 eng d | ||
| 035 | _a(Sirsi) u54767 | ||
| 041 | _aeng | ||
| 245 | _aSurveyors listing names superfirms | ||
| 260 | _c1993 | ||
| 350 | _a0 | ||
| 490 |
_aCSW - The Property Week _v42(7) 18 February 1993, 7(1) |
||
| 520 | _a"The Surveyors 500" (Tuckers Directories, £29.95) ranking firms by number of chartered surveyors employed shows the dominance of DTZ Debenham Thorpe and Chesterton. Directory available for loan. | ||
| 650 | _aABOUT RICS-RICS MEMBERS | ||
| 650 | _aLEAGUE TABLE | ||
| 650 | _aRANKINGS | ||
| 650 | _aSURVEYORS FIRMS | ||
| 690 | _aMANAGEMENT-BUSINESS MANAGEMENT-PROFESSIONAL PRACTICE | ||
| 942 | _n0 | ||
| 948 | _c04/03/1997 | ||
| 999 |
_c33568 _d33568 |
||